000 00539nam a2200181 i 4500
001 98273
003 ES-MaACL
005 20230906182240.0
007 t|
008 050727s1934 xxk ||||1| eng d
100 1 _aMarshall, Edgar C.
_977130
245 1 0 _aA manual of english for foreign students /
_cby Edgar C. Marshall and E. Schaap.
260 _aLondon :
_bT. and A. Constable,
_c1934.
300 _aVI, 309 p. ;
_ccm.
650 0 4 _aLengua inglesa-
_vMétodos.
_914282
700 1 _aSchaap, E.
_9104163
852 _aES-MaACL
_jA-3142
999 _c98273
_d98273